Carregant...
Basic quantum mechanics
| Autor principal: | |
|---|---|
| Format: | Printed Book |
| Publicat: |
Trinity Press
2014
|
| Matèries: |
| LEADER | 00587nam a2200193 4500 | ||
|---|---|---|---|
| 020 | |a 9789351380788 |c 295.00 | ||
| 082 | |a 530.12 GHA-B | ||
| 100 | |a Ghatak, Ajoy | ||
| 245 | |a Basic quantum mechanics | ||
| 250 | |||
| 260 | |a Trinity Press |c 2014 | ||
| 300 | |a 305 | ||
| 490 | |||
| 500 | |||
| 590 | |a Modern book centre |b MBC-1216/14 dt 24/10/2014 |c 295.00 | ||
| 650 | |a Quantum mechanics | ||
| 942 | |c BK | ||
| 999 | |c 85513 |d 85513 | ||
| 952 | |0 0 |1 0 |4 0 |6 530_120000000000000_GHAB |7 0 |9 98981 |a PHY |b PHY |d 2020-10-21 |g 295.00 |l 1 |o 530.12 GHA-B |p PHY07171 |q 2020-11-05 |r 2020-10-21 |s 2020-10-21 |w 2019-09-24 |y BK | ||